00219nam a2200073Ia 4500008004100000082000800041100002700049245006900076240331s9999 xx 000 0 und d bSIV aSivathamby, Karthigesu 0aYarlpanaththil Pulaimaiththuva Marapu :bOrr Illakkiya Kannoddam